| 000 | 00599nam a22002177a 4500 | ||
|---|---|---|---|
| 003 | dpl | ||
| 005 | 20180727171919.0 | ||
| 008 | 180727b xxu||||| |||| 00| 0 eng d | ||
| 010 | _aB-006750 | ||
| 016 | _aB-006750 | ||
| 020 | _a8174730907 | ||
| 035 | _aB-006750 | ||
| 040 | _c0 | ||
| 082 | _a150 | ||
| 100 | _aFernald L.Dodge | ||
| 245 |
_a Introduction to psychology / _cby L.Dodge Fernald |
||
| 260 |
_c1999 _aA.I.T.B.S publishers and distributors _bNew delhi |
||
| 300 |
_axxviii, 643p. _c26cm. (Hb) |
||
| 700 | _aFernald peter S. | ||
| 942 |
_2ddc _cEN _h150 _mFER |
||
| 999 |
_c155009 _d155009 |
||